Historia universal

Збережено в:
Бібліографічні деталі
Автори: Secco Ellauri, Oscar (Автор), Baridon, Pedro Daniel (Автор)
Формат: Книга
Мова:Іспанська
Опубліковано: Buenos Aires Editorial Kapelusz 1972
Редагування:12a. ed
Предмети:
Теги: Додати тег
Немає тегів, Будьте першим, хто поставить тег для цього запису!

MARC

LEADER 00000nam a2200000 a 4500
001 UCV9366
003 CL-VaPUC
008 920825e19720000AG |||||||||||||||||spa|d
082 0 4 |a 909  |b SEC  |2 21 
100 0 |a Secco Ellauri, Oscar  |e author  |9 303371 
700 0 |a Baridon, Pedro Daniel  |e author  |9 303372 
245 1 0 |a Historia universal 
250 |a 12a. ed 
300 |a v 
942 |c BK 
945 |d 19920825 00:00:00 
260 |a Buenos Aires  |b Editorial Kapelusz  |c 1972 
500 |a v.1: Oriente 
500 |a v.2: Grecia 
500 |a v.3: Roma 
500 |a v.4: Edad Media 
500 |a v.5: Epoca moderna 
500 |a v.6: Epoca contemporánea 
650 0 |a Historia moderna  |9 268036 
583 |a last modification  |c 19920825 00:00:00  |k Rodrigo Vera 
999 |c 214715  |d 214713 
952 |0 0  |1 0  |2 ddc  |4 0  |6 909_000000000000000_SEC_1972  |7 0  |8 P  |9 198374  |a BIBARQ  |b BIBARQ  |d 2019-11-14  |h v.6  |i 2658577  |o 909 SEC 1972  |p 2658577  |r 2025-01-20  |w 2019-11-14  |y BK  |k ARQ 
952 |0 0  |1 0  |4 0  |6 909_000000000000000_SEC_1972  |7 0  |8 A  |9 198375  |a BIBEDU  |b BIBEDU  |d 2019-11-14  |h v.6  |i 2765519  |o 909 SEC 1972  |p 2765519  |r 2019-11-14  |w 2019-11-14  |y BK  |k EDU 
952 |0 0  |1 0  |4 0  |6 909_000000000000000_SEC_1972  |7 0  |8 A  |9 198376  |a BIBEDU  |b BIBEDU  |d 2019-11-14  |h v.5  |i 2809532  |o 909 SEC 1972  |p 2809532  |r 2019-11-14  |w 2019-11-14  |y BK  |k EDU